|
|
|
|
| LEADER |
00000nab a2200000uu 4500 |
| 001 |
vtls011489665 |
| 003 |
SK-MaSNL |
| 005 |
20260303105035.0 |
| 008 |
230121|1975 xo |||||||||||||||||cze| |
| 015 |
|
|
|a SNBRB
|
| 035 |
|
|
|a (urnnbn)urn:nbn:sk:snk:ar-007imm
|
| 035 |
|
|
|a (uuid)84f77a47-7508-4060-b7fc-5c97f5751b5f
|
| 035 |
|
|
|a urn:nbn:sk:snk-abdf1v
|
| 040 |
|
|
|a SNKBUCL
|b slo
|c SNKBUCL
|e AACR2
|
| 041 |
0 |
|
|a cze
|
| 044 |
|
|
|a xo
|c SK
|
| 100 |
1 |
|
|a Talafant, E.
|4 aut
|9 1119948
|
| 245 |
1 |
0 |
|a METABOLISMUS BILIRUBINU A JEHO VÝZNAM
|c E. Talafant
|
| 773 |
0 |
|
|t Biochemia clinica bohemoslovaca : časopis Spoločnosti klinickej biochémie
|g Roč. 4, č. 1 (1975), s. 1-16
|
| 954 |
|
|
|a odborná, vedecká literatúra cudzojazyčná (svetová)
|2 lita
|
| 958 |
|
|
|a OND
|
| 958 |
|
|
|a EUIPO
|
| 958 |
|
|
|a article18
|
| 999 |
|
|
|c 1860792
|d 1862722
|